Ya puedo...: manual de referencia
Uloženo v:
| Hlavní autor: | |
|---|---|
| Médium: | Kniha |
| Jazyk: | španělština |
| Vydáno: |
Madrid
CEPE
1995
|
| Edice: | Programas de Intervención Educativa
|
| Témata: | |
| Tagy: |
Přidat tag
Žádné tagy, Buďte první, kdo vytvoří štítek k tomuto záznamu!
|
MARC
| LEADER | 00000nam a2200000 a 4500 | ||
|---|---|---|---|
| 001 | UCN2358 | ||
| 003 | CL-VaPUC | ||
| 008 | 010518e19950000SP |||||||||||||||||spa|d | ||
| 082 | 0 | 4 | |a 371.3944 |b GAR |2 21 |
| 100 | |a García Pérez, E. Manuel |e author |9 544413 | ||
| 245 | 1 | 0 | |a Ya puedo...: manual de referencia |
| 300 | |a 32 p | ||
| 942 | |c BK | ||
| 945 | |d 20010518 00:00:00 |a cmena | ||
| 260 | |a Madrid |b CEPE |c 1995 | ||
| 500 | |a El programa incluye: Un manual de referencia para uso del tutor, un manual del alumno y cuatro cuadernos del alumno, dos cartulinas: Horario de estudiante y Auto-instrucciones | ||
| 650 | 0 | |a Métodos de enseñanza |9 270413 | |
| 650 | 0 | |a Psicología del aprendizaje |9 306854 | |
| 650 | 0 | |a Métodos de estudio |9 260518 | |
| 583 | |a last modification |c 20170609 09:43:20 |k Rodrigo Vera | ||
| 490 | 0 | |a Programas de Intervención Educativa | |
| 999 | |c 295462 |d 295460 | ||
| 952 | |0 0 |1 0 |4 0 |6 371_394400000000000_GAR_1995 |7 0 |8 R |9 348493 |a BIBEDU |b BIBEDU |c MCIRC |d 2019-11-20 |i 3722562 |o 371.3944 GAR 1995 |p 3722562 |r 2023-01-13 |w 2019-11-20 |y BK_R |k EPE | ||